[Event "HUN-chT2 Breyer 1314"]
[Site "Hungary"]
[Date "2013.10.20"]
[Round "3"]
[White "Mervo, Jozsef"]
[Black "Zalan, Janos"]
[Result "1-0"]
[WhiteElo "2024"]
[BlackElo "1929"]
[PlyCount "85"]
[EventDate "2013.09.08"]
[EventType "team-tourn"]
[EventRounds "9"]
[EventCountry "HUN"]
[SourceTitle "EXT 2016"]
[Source "ChessBase"]
[SourceDate "2015.10.08"]
[SourceVersion "1"]
[SourceVersionDate "2015.10.08"]
[SourceQuality "1"]
[WhiteTeam "Biatorbagy"]
[BlackTeam "Gyor Komszomol"]
[WhiteTeamCountry "HUN"]
[BlackTeamCountry "HUN"]

1. d4 d5 2. c4 e6 3. Nc3 Nf6 4. Bg5 c6 5. e3 Nbd7 6. cxd5 exd5 7. Bd3 Be7 8. Nge2 0-0 9. f3 Re8 10. Qd2 Nh5 11. Bxe7 Qxe7 12. e4 dxe4 13. fxe4 Nf8 14. 0-0-0 h6 15. h3 Qg5 16. g4 Qxd2+ 17. Kxd2 Nf6 18. e5 Nd5 19. Nxd5 cxd5 20. Rc1 Bd7 21. b4 a6 22. Rhg1 Ne6 23. h4 g6 24. Ke3 Rac8 25. Nc3 Nc7 26. g5 h5 27. Rc2 Red8 28. Rgc1 b5 29. Ne2 Ne6 30. Nf4 Rxc2 31. Rxc2 Rc8 32. Rxc8+ Bxc8 33. Nxd5 Kf8 34. Nb6 Bb7 35. d5 Nc7 36. Kd4 Ke8 37. Kc5 Kd8 38. Bc2 Ne8 39. a4 bxa4 40. Bxa4 Ng7 41. Nc4 Ke7 42. Nd6 Ba8 43. Bc2 1-0

[Event "HUN-chT2 Breyer 1213"]
[Site "Hungary"]
[Date "2012.12.02"]
[Round "5.8"]
[White "Zalan, Janos"]
[Black "Kovacs, Balazs"]
[Result "0-1"]
[WhiteElo "1956"]
[BlackElo "1752"]
[PlyCount "82"]
[EventDate "2012.09.16"]
[EventType "team-tourn"]
[EventRounds "11"]
[EventCountry "HUN"]
[SourceTitle "EXT 2014"]
[Source "ChessBase"]
[SourceDate "2013.11.20"]
[SourceVersion "1"]
[SourceVersionDate "2013.11.20"]
[SourceQuality "1"]
[WhiteTeam "Gyor Komszomol"]
[BlackTeam "Turul"]
[WhiteTeamCountry "HUN"]
[BlackTeamCountry "HUN"]

1. e4 c5 2. Nf3 d6 3. d4 cxd4 4. Qxd4 Nc6 5. Bb5 Bd7 6. Bxc6 Bxc6 7. Nc3 e6 8. Bg5 Qc7 9. 0-0 e5 10. Qc4 Rc8 11. Rfd1 Nf6 12. Qe2 h6 13. Bh4 Be7 14. Rd2 Qb6 15. Rb1 g5 16. Bg3 Bd7 17. Nd5 Nxd5 18. exd5 f6 19. b3 Bg4 20. h3 Bf5 21. Ne1 Rc3 22. Kh1 h5 23. f3 g4 24. Bf2 Qa5 25. h4 gxf3 26. Nxf3 Bg4 27. Rd3 f5 28. Rxc3 Qxc3 29. Be1 Qc5 30. Bf2 Qxd5 31. Rd1 Qc6 32. Qd3 e4 33. Qd4 Rg8 34. Ng5 Bxd1 35. Qxd1 Bxg5 36. Qxh5+ Kd8 37. hxg5 Qe8 38. g6 Qe5 39. Bh4+ Kc8 40. Qh7 Qg7 41. Bf6 Qxg6 0-1

[Event "HUN-chT2 Breyer 1011"]
[Site "Hungary"]
[Date "2011.04.10"]
[Round "8.10"]
[White "Molnar, Laszlo2222"]
[Black "Zalan, Janos"]
[Result "0-1"]
[WhiteElo "1939"]
[BlackElo "2001"]
[PlyCount "83"]
[EventDate "2010.09.12"]
[EventType "team-tourn"]
[EventRounds "11"]
[EventCountry "HUN"]
[SourceTitle "EXT 2012"]
[Source "ChessBase"]
[SourceDate "2011.11.24"]
[SourceVersion "1"]
[SourceVersionDate "2011.11.24"]
[SourceQuality "1"]
[WhiteTeam "Geniusz Tata"]
[BlackTeam "Gyor Komszomol"]
[WhiteTeamCountry "HUN"]
[BlackTeamCountry "HUN"]

1. e4 e5 2. Nf3 Nc6 3. Bb5 Bc5 4. 0-0 Nf6 5. Bxc6 dxc6 6. Nxe5 0-0 7. d3 Re8 8. Nf3 Bg4 9. Be3 Bf8 10. Nbd2 Qe7 11. h3 Bh5 12. Bg5 h6 13. Bh4 g5 14. Bg3 Rad8 15. Re1 Bg6 16. Qe2 Nh5 17. Qf1 Nxg3 18. fxg3 Qc5+ 19. d4 Qxc2 20. b3 Qc3 21. Rac1 Qb4 22. Rc4 Qd6 23. e5 Qe6 24. Ne4 Be7 25. g4 Rd5 26. Nf6+ Bxf6 27. exf6 Qc8 28. Ne5 Kh7 29. h4 gxh4 30. Qf4 Qe6 31. Rcc1 Qc8 32. Rf1 Red8 33. Rcd1 Qe6 34. g5 h5 35. Qxh4 c5 36. Nxg6 Kxg6 37. Rde1 Qg4 38. Qf2 Qxd4 39. Re3 Rxg5 40. Qc2+ Kh6 41. Qf2 Rdg8 42. Re7 0-1

[Event "HUN-chT2 Breyer 0809"]
[Site "Hungary"]
[Date "2009.04.05"]
[Round "10"]
[White "Zalan, Janos"]
[Black "Kiss, Kinga"]
[Result "0-1"]
[WhiteElo "2025"]
[BlackElo "2113"]
[PlyCount "82"]
[EventDate "2008.10.26"]
[EventType "team-tourn"]
[EventRounds "11"]
[EventCountry "HUN"]
[SourceTitle "EXT 2010"]
[Source "ChessBase"]
[SourceDate "2010.11.25"]
[SourceVersion "1"]
[SourceVersionDate "2010.11.25"]
[SourceQuality "1"]
[WhiteTeam "Gyor Komszomol"]
[BlackTeam "Geniusz Tata"]
[WhiteTeamCountry "HUN"]
[BlackTeamCountry "HUN"]

1. e4 c5 2. Nf3 Nc6 3. Bb5 g6 4. 0-0 Bg7 5. c3 Nf6 6. Re1 0-0 7. d4 cxd4 8. cxd4 d5 9. e5 Ne4 10. Nc3 Nxc3 11. bxc3 Qa5 12. Qb3 Bg4 13. Ba3 Rab8 14. Be2 Rfc8 15. Rac1 Bh6 16. Rcd1 Qd8 17. Bc1 Bf8 18. h3 Bxf3 19. Bxf3 e6 20. Be2 Na5 21. Qb2 Nc4 22. Bxc4 Rxc4 23. Qb3 Qa5 24. Rd3 b5 25. Re2 Rbc8 26. Bb2 Ra4 27. Ba1 Ra3 28. Qb1 Qa4 29. Kh2 Be7 30. f4 Bd8 31. Qc2 Qxc2 32. Rxc2 b4 33. g4 Ba5 34. f5 b3 35. Rf2 Rb8 36. fxe6 fxe6 37. c4 dxc4 38. Rdf3 b2 39. Bxb2 Rxf3 40. Rxf3 Rxb2+ 41. Kg1 c3 0-1

[Event "HUN-chT2 Szechenyi 0708"]
[Site "Hungary"]
[Date "2008.02.17"]
[Round "6"]
[White "Zalan, Janos"]
[Black "Horvath, Balazs"]
[Result "1/2-1/2"]
[WhiteElo "2026"]
[BlackElo "1841"]
[PlyCount "48"]
[EventDate "2007.10.14"]
[EventType "team"]
[EventRounds "11"]
[EventCountry "HUN"]
[SourceTitle "EXT 2009"]
[Source "ChessBase"]
[SourceDate "2008.11.26"]
[SourceVersion "1"]
[SourceVersionDate "2008.11.26"]
[SourceQuality "1"]
[WhiteTeam "Gyor Komszomol"]
[BlackTeam "Peti MTE"]
[WhiteTeamCountry "HUN"]
[BlackTeamCountry "HUN"]

1. e4 c5 2. Nf3 d6 3. d4 cxd4 4. Qxd4 Nc6 5. Bb5 Bd7 6. Bxc6 Bxc6 7. Nc3 Nf6 8. Bg5 Nd7 9. 0-0 f6 10. Be3 e6 11. Qc4 Kf7 12. Nd4 d5 13. exd5 exd5 14. Qe2 g6 15. Rad1 Bg7 16. Nb3 f5 17. Bd4 Re8 18. Qd2 Bxd4 19. Qxd4 Nb6 20. Nc5 Qc7 21. Nd3 Rad8 22. Rfe1 Kg8 23. Qf6 Qf7 24. Qxf7+ Kxf7 1/2-1/2

[Event "HUN-chT2 Szechenyi 0607"]
[Site "Hungary"]
[Date "2006.11.26"]
[Round "2"]
[White "Zalan, Janos"]
[Black "Nagy, Tibor"]
[Result "1/2-1/2"]
[WhiteElo "2049"]
[BlackElo "2110"]
[PlyCount "39"]
[EventDate "2006.11.12"]
[EventType "team"]
[EventRounds "11"]
[EventCountry "HUN"]
[SourceTitle "EXT 2008"]
[Source "ChessBase"]
[SourceDate "2007.11.25"]
[SourceVersion "1"]
[SourceVersionDate "2007.11.25"]
[SourceQuality "1"]
[WhiteTeam "Gyor Komszomol"]
[BlackTeam "Flesch"]
[WhiteTeamCountry "HUN"]
[BlackTeamCountry "HUN"]

1. e4 e5 2. Nf3 Nc6 3. Bb5 a6 4. Ba4 Nf6 5. d4 exd4 6. 0-0 Be7 7. e5 Nd5 8. c3 d6 9. Nxd4 Bd7 10. exd6 Bxd6 11. Re1+ Nde7 12. Bg5 Nxd4 13. Qxd4 Bxa4 14. Qxa4+ Qd7 15. Qxd7+ Kxd7 16. Nd2 f6 17. Be3 Rad8 18. Nc4 Nf5 19. Nxd6 Nxd6 20. Rad1 1/2-1/2

[Event "HUN-chT2 Szechenyi 0506"]
[Site "Hungary"]
[Date "2005.10.30"]
[Round "2"]
[White "Gaal, Ede"]
[Black "Zalan, Janos"]
[Result "1-0"]
[WhiteElo "2072"]
[BlackElo "2077"]
[PlyCount "63"]
[EventDate "2005.10.16"]
[EventType "team"]
[EventRounds "11"]
[EventCountry "HUN"]
[SourceTitle "EXT 2009"]
[Source "ChessBase"]
[SourceDate "2008.11.26"]
[SourceVersion "1"]
[SourceVersionDate "2008.11.26"]
[SourceQuality "1"]
[WhiteTeam "Lovo"]
[BlackTeam "Gyor Komszomol"]
[WhiteTeamCountry "HUN"]
[BlackTeamCountry "HUN"]

1. e4 e5 2. Nf3 Nc6 3. Bb5 Bc5 4. 0-0 Nd4 5. b4 Bxb4 6. Nxd4 exd4 7. Bb2 Bc5 8. c3 dxc3 9. Nxc3 c6 10. Bc4 Bd4 11. Qb3 Nh6 12. Ba3 d6 13. Rab1 Bb6 14. e5 dxe5 15. Ne4 Bc7 16. Qg3 Ng4 17. h3 f5 18. Nc5 e4 19. Qc3 Qd6 20. g3 Ne5 21. Nxe4 Qh6 22. Qb4 c5 23. Qxc5 Nc6 24. Bd5 Bd8 25. Nd6+ Kd7 26. Nxc8 Kxc8 27. Rfe1 Bb6 28. Qc4 Rd8 29. Re6 Qxd2 30. Rxc6+ bxc6 31. Qxc6+ Bc7 32. Be6+ 1-0

[Event "HUN-chT2 Szechenyi 0405"]
[Site "Hungary"]
[Date "2005.04.10"]
[Round "10"]
[White "Zalan, Janos"]
[Black "Lang, Gusztav"]
[Result "0-1"]
[WhiteElo "2076"]
[BlackElo "2038"]
[PlyCount "94"]
[EventDate "2004.09.26"]
[EventType "team"]
[EventRounds "11"]
[EventCountry "HUN"]
[SourceTitle "EXT 2009"]
[Source "ChessBase"]
[SourceDate "2008.11.26"]
[SourceVersion "1"]
[SourceVersionDate "2008.11.26"]
[SourceQuality "1"]
[WhiteTeam "Gyor Vizugy"]
[BlackTeam "Sarvar"]
[WhiteTeamCountry "HUN"]
[BlackTeamCountry "HUN"]

1. e4 e5 2. Nf3 Nc6 3. Bb5 a6 4. Ba4 Nf6 5. d4 exd4 6. 0-0 b5 7. Bb3 Be7 8. e5 Ne4 9. Bd5 Nc5 10. Nxd4 Bb7 11. Nf5 Bf8 12. Re1 Ne7 13. Bxb7 Nxb7 14. Nxe7 Bxe7 15. Qg4 g6 16. b3 Nc5 17. Bb2 Ne6 18. Nd2 c6 19. Ne4 Qb6 20. Nd6+ Bxd6 21. exd6 0-0 22. Qh4 f5 23. Qg3 Qc5 24. Rad1 f4 25. Qd3 Rf5 26. c4 b4 27. Qd2 Raf8 28. Ba1 f3 29. Rxe6 dxe6 30. d7 Rd8 31. Qb2 e5 32. g3 Qe7 33. Qd2 Rf7 34. Qe3 Rxd7 35. Re1 Qe6 36. Qh6 Rf5 37. Qh3 Rd2 38. Qf1 Qd6 39. h3 Rxa2 40. g4 Rg5 41. Rd1 Rd2 42. c5 Rxd1 43. cxd6 Rxf1+ 44. Kxf1 e4 45. Bf6 Rd5 46. Kg1 Rxd6 47. g5 Rxf6 0-1

[Event "HUN-chT2 Szechenyi 0304"]
[Site "Hungary"]
[Date "2004.03.21"]
[Round "9"]
[White "Vincze, Otto"]
[Black "Zalan, Janos"]
[Result "1/2-1/2"]
[WhiteElo "2056"]
[BlackElo "2085"]
[PlyCount "24"]
[EventDate "2003.09.28"]
[EventType "team"]
[EventRounds "11"]
[EventCountry "HUN"]
[SourceTitle "EXT 2009"]
[Source "ChessBase"]
[SourceDate "2008.11.26"]
[SourceVersion "1"]
[SourceVersionDate "2008.11.26"]
[SourceQuality "1"]
[WhiteTeam "Ajka Banyasz"]
[BlackTeam "Gyor Vizugy"]
[WhiteTeamCountry "HUN"]
[BlackTeamCountry "HUN"]

1. e4 e5 2. Nf3 Nc6 3. Bc4 Nf6 4. d3 d6 5. h3 Be7 6. Nc3 0-0 7. 0-0 Na5 8. Bb3 Nxb3 9. axb3 h6 10. Be3 b6 11. Ne2 Nh7 12. Ng3 f5 1/2-1/2

[Event "HUN-chT2 Szechenyi 0203"]
[Site "Hungary"]
[Date "2002.10.13"]
[Round "2"]
[White "Zalan, Janos"]
[Black "Gjuran, Denis"]
[Result "0-1"]
[WhiteElo "2160"]
[BlackElo "2183"]
[PlyCount "98"]
[EventDate "2002.09.22"]
[EventType "team"]
[EventRounds "11"]
[EventCountry "HUN"]
[SourceTitle "EXT 2009"]
[Source "ChessBase"]
[SourceDate "2008.11.26"]
[SourceVersion "1"]
[SourceVersionDate "2008.11.26"]
[SourceQuality "1"]

1. e4 c5 2. Nf3 e6 3. d4 cxd4 4. Nxd4 Nc6 5. Nc3 Qc7 6. Nxc6 bxc6 7. Bd3 d5 8. exd5 cxd5 9. 0-0 Nf6 10. Re1 Be7 11. Qf3 0-0 12. Bg5 h6 13. Bf4 Qd8 14. Be5 Nd7 15. Bf4 Nc5 16. Qg3 Bh4 17. Qf3 Bb7 18. Qg4 Bg5 19. Bxg5 Qxg5 20. Qxg5 hxg5 21. Rad1 Rfd8 22. g3 d4 23. Ne4 Nxd3 24. Rxd3 Rd5 25. Nd2 Rc8 26. Rc1 g4 27. f4 gxf3 28. Nxf3 e5 29. Rb3 Ba8 30. Re1 f6 31. Nh4 Kf7 32. Kf1 Rdc5 33. Nf5 Rd8 34. Re2 g6 35. Nh4 Bd5 36. Ra3 Bc4 37. Rxa7+ Ke6 38. Nxg6 Bxe2+ 39. Kxe2 Rxc2+ 40. Kd3 Rxb2 41. h4 f5 42. Ra6+ Rd6 43. Nf8+ Kd5 44. Ra5+ Kc6 45. Rxe5 Rxa2 46. Rxf5 Ra3+ 47. Kd2 d3 48. Rf1 Ra2+ 49. Ke3 Re2+ 0-1

[Event "HUN-chT2 Szechenyi 0203"]
[Site "Hungary"]
[Date "2002.09.22"]
[Round "1"]
[White "Tamas, Gyorgy"]
[Black "Zalan, Janos"]
[Result "1-0"]
[WhiteElo "2144"]
[BlackElo "2160"]
[PlyCount "57"]
[EventDate "2002.09.22"]
[EventType "team"]
[EventRounds "11"]
[EventCountry "HUN"]
[SourceTitle "EXT 2009"]
[Source "ChessBase"]
[SourceDate "2008.11.26"]
[SourceVersion "1"]
[SourceVersionDate "2008.11.26"]
[SourceQuality "1"]

1. e4 c5 2. Nf3 a6 3. c4 e6 4. Nc3 Nc6 5. d4 cxd4 6. Nxd4 Bb4 7. Nxc6 bxc6 8. Bd3 Nf6 9. 0-0 e5 10. Na4 0-0 11. Be3 Be7 12. Qc2 h6 13. c5 Ng4 14. Bd2 d5 15. Nb6 Rb8 16. Nxc8 Qxc8 17. exd5 cxd5 18. Bf5 Qxc5 19. Qxc5 Bxc5 20. Bxg4 Rxb2 21. Bc3 Rc2 22. Bxe5 Re8 23. Bg3 Bb4 24. Rfc1 Rxc1+ 25. Rxc1 Kh7 26. h3 d4 27. Rc7 Re1+ 28. Kh2 d3 29. Bf5+ 1-0